000
00295nam a2200097Ia 4500
082
_a
658.4012 IREL
245
0
_a
Management of strategy : concepts and cases
100
_a
IRELAND, R Duane Mason, Ohio, [c.2009] 8th ed
_9
76508
942
_c
BK
008
210817s9999 xx 000 0 und d
999
_c
254881
_d
254880